000 00635nas a2200241 i 4500
001 1417
003 ES-MaACL
005 20250812062553.0
007 t|
008 950801d19031937fr | | 1 ||re d
080 _a82
245 0 4 _aLes Marges
_b: revue de littérature et d'art.
260 _aParis :
_bImp. Jouve et Cie,
_c1903-
300 _a11 v. ;
_c19 cm.
310 _aMensual
362 0 _aT. I (1903)-
500 _aDesde 1921 se publican tres tomos por año.
650 1 7 _aArte
_2embne
_910068
650 7 _aLiteratura
_2embne
_9141583
852 _aES-MaACL
_jB-7352-62
866 0 _o1920-23.
999 _c1417
_d1417